Super Bowl Winners - Statistics

General Stats
  • This quiz has been taken 33 times
  • The average score is 34 of 57
Answer Stats
Question Answer % Correct
Super Bowl I
100%
Super Bowl IV
86%
Super Bowl V
86%
Super Bowl VIII
86%
Super Bowl IX
86%
Super Bowl X
86%
Super Bowl XI
86%
Super Bowl II
71%
Super Bowl III
71%
Super Bowl VI
71%
Super Bowl VII
71%
Super Bowl XII
71%
Super Bowl XIII
71%
Super Bowl XIV
71%
Super Bowl XV
71%
Super Bowl XVI
71%
Super Bowl XVII
57%
Super Bowl XVIII
57%
Super Bowl XIX
57%
Super Bowl XXIII
57%
Super Bowl XXV
57%
Super Bowl XXVI
57%
Super Bowl XXVII
57%
Super Bowl XXVIII
57%
Super Bowl XXIX
57%
Super Bowl XXXIII
57%
Super Bowl XXXIV
57%
Super Bowl XXXVI
57%
Super Bowl XXXVIII
57%
Super Bowl XXXIX
57%
Super Bowl XL
57%
Super Bowl XLI
57%
Super Bowl XLII
57%
Super Bowl XLIII
57%
Super Bowl XLV
57%
Super Bowl XLVI
57%
Super Bowl XLVII
57%
Super Bowl XLVIII
57%
Super Bowl XLIX
57%
Super Bowl 50
57%
Super Bowl LI
57%
Super Bowl LII
57%
Super Bowl LIII
57%
Super Bowl LIV
57%
Super Bowl LV
57%
Super Bowl LVI
57%
Super Bowl LVII
57%
Super Bowl XX
43%
Super Bowl XXI
43%
Super Bowl XXII
43%
Super Bowl XXIV
43%
Super Bowl XXXI
43%
Super Bowl XXXII
43%
Super Bowl XXXV
43%
Super Bowl XXXVII
43%
Super Bowl XLIV
43%
Super Bowl XXX
29%
No matching quizzes found
Score Distribution
Percent of People with Each Score
Percentile by Number Answered
Your Score History
You have not taken this quiz